000 00523nam a22001697a 4500
003 OSt
005 20120302151516.0
008 091110t xxu||||| |||| 00| 0 eng d
035 _a१६०४२
040 _cमराठी
100 _aजोशी, द. दा.
_99989
222 _aसण/ उत्सव
245 _aशालेय सण आणि उत्सव
260 _aपुणे
_bइंद्रायणी साहित्य
300 _b११० पाने
942 _2ddc
_cBOOK
999 _c494730
_d494727